000 01188nam2a22003371 4500
001 v19\rc\1961208
005 20251118181011.6
035 _a(NLR Aleph) 005044993
090 _a6833772
_c6833772
100 _a20080428d1913 u y0rusy50 ca
101 0 _arus
102 _aRU
105 _ay z |||||
200 1 _aОбщие учения
210 _d1913
215 _aXII, 422 с.
461 0 _1001v19\rc\1961207
_12001#$a... Трудовой договор$eЦивилист. исслед. Ч. 1-2$fЛ.С. Таль$vЧ. 1
_1700#1$aТаль$bЛ.С.$gЛев Семенович
_96833764
_aТаль, Л.С.
_cЯрославль
_d1913-1918
_fЛ.С. Таль
_nтип. Губ. правл.
_oЦивилист. исслед. Ч. 1-2
_p2 т.
_tТрудовой договор
_vЧ. 1
801 0 _aRU
_bNLR
_gpsbo
801 0 _aRU
_bRuMoRGB
_2psbo
801 1 _aRU
_bProSoft-M
_2rusmarc
852 _aNLR
_j37.46.2.92
852 _aNLR
_j33-19/510
899 _aRuMoRGB
_jP 14/173
899 _aRuMoRGB
_jU 305/75
899 _aRuMoRGB
_jV 63/181
899 _aRuMoRGB
_j801-88/11508-3
899 _aНБ СПбГУ
899 _aГПИБ
899 _aНБ МГУ
942 _cBOOK
980 _aNB